000 00548nam a2200193Ia 4500
005 20250508162013.0
008 008 250505s9999 xx 000 0 eng d
037 _aTextual
040 _aFEDL
_beng
_cFEDL
041 _aeng
_2eng
084 _a370, RUS
_qFEDL
100 _aRust Val D.
_9139701
245 0 _aAlternatives in education : Theoretical an historical perspectives
260 _aLondon, UK
_bSage Publications
_c1977
300 _a238p
650 _aEducation
942 _cTEXL
_h370, RUS
999 _c1373771
_d1373771